Famous Wars by Dates - Statistics

General Stats
  • This quiz has been taken 52 times
  • The average score is 4 of 7
Answer Stats
Hint Answer % Correct
1939-1945 AD World War II
92%
1947-1991 AD Cold War
90%
1955-1975 AD Vietnam War
71%
264-146 BC Punic War
48%
1775-1783 AD Revolutionary War
44%
1853-1856 AD Crimean War
35%
431-404 BC Peloponnesian War
35%
No matching quizzes found
Score Distribution
Percent of People with Each Score
Percentile by Number Answered
Your Score History
You have not taken this quiz